Evolution:The modern synthesis (Record no. 33704)

MARC details
000 -LEADER
fixed length control field 00350nam a2200145Ia 4500
082 ## - DEWEY DECIMAL CLASSIFICATION NUMBER
Classification number 575.8
Item number HUX
100 ## - MAIN ENTRY--AUTHOR NAME
Personal name HUXLEY, Julian
245 #0 - TITLE STATEMENT
Title Evolution:The modern synthesis
250 ## - EDITION STATEMENT
Edition statement Ed.3
260 ## - PUBLICATION, DISTRIBUTION, ETC. (IMPRINT)
Place of publication London
Name of publisher George Alen
650 ## - SUBJECT ADDED ENTRY--TOPICAL TERM
Topical Term Evolution
650 ## - SUBJECT ADDED ENTRY--TOPICAL TERM
Topical Term Natural selection
942 ## - ADDED ENTRY ELEMENTS (KOHA)
Koha item type Books
Holdings
Withdrawn status Lost status Damaged status Not for loan Home library Current library Date acquired Full call number Accession Number Koha item type
        RRII Library RRII Library 16/12/2021 575.8 HUX 14150 Books